| 000 | 00537nam a2200145Ia 4500 | ||
|---|---|---|---|
| 001 | 10837 | ||
| 003 | GE_BSU | ||
| 008 | 181216s||||||||xx |||||||||||||| ||und|| | ||
| 040 | _cGE_BSU | ||
| 245 | _aБольшая Советская Энциклопедия | ||
| 245 | _bТ.13.Газель-Германий. | ||
| 245 | _cГл. ред. Б.А. ВВеденский,члены глав. редакций:Н.Н.Аничков,А.Н.Баранов,и др. | ||
| 653 | _aБольшая Советская Энциклопедия | ||
| 942 | _cBK | ||
| 999 |
_c44080 _d44080 |
||